00342 a2200121 4500001000700000020001800007040003500025100001800060240006500078245006000143300000800203362000900211156319 a9788535638714 cEscola São Tomás de Aquino aJOSÉ, Elias10aPequeno dicionário poético- humorístico ilustradolpor10aPequeno dicionário poético- humorístico ilustrado a1130 a2015